| 000 | 00853cam a2200241 4500 | ||
|---|---|---|---|
| 001 | sa 68020363 | ||
| 003 | DLC | ||
| 005 | 20260227112723.0 | ||
| 008 | 740121s1965 io s f00000 eng | ||
| 010 | _asa 68020363 //r81 | ||
| 025 | _aPL480:Indo-5873 | ||
| 043 | _aa-io--- | ||
| 050 | 0 |
_aHB3647 _b.U3 |
|
| 082 | 0 |
_a312/.09598 _219 |
|
| 100 | 1 | 0 |
_aUeda, Kōzō, _d1923- |
| 245 | 1 | 4 | _aThe first and second demographic surveys in Indonesia. |
| 260 | 0 |
_aDjakarta, _bStatistical Research and Development Centre, _c1965. |
|
| 300 |
_a26 p. _c30 cm. |
||
| 500 | _aCover title: Perkembangan penduduk (population increase) Indonesia; survey-penduduk (population-survey) 1963. | ||
| 500 | _aIn English; with introd. also in Indonesian. | ||
| 651 | 0 |
_aIndonesia _xPopulation _xStatistics. |
|
| 740 | 1 | _aPerkembangan penduduk (population increase) Indonesia. | |
| 999 |
_c89381 _d89381 |
||